Countries Closest to Dominican Republic - Statistics

General Stats
  • This quiz has been taken 74 times
  • The average score is 16 of 20
Answer Stats
Distance (mi) Answer Distance (km) % Correct
0 Haiti 0
100%
35 Puerto Rico (United States) 57
97%
113 Bahamas 181
93%
149 Cuba 239
93%
368 Saint Kitts and Nevis 593
90%
278 Jamaica 448
86%
685 Trinidad and Tobago 1,103
83%
409 Antigua and Barbuda 659
81%
680 Barbados 1,094
81%
346 Colombia 557
81%
497 Dominica 800
81%
576 Saint Lucia 927
81%
589 Saint Vincent and the Grenadines 948
81%
368 Venezuela 593
81%
611 Grenada 983
79%
712 Panama 1,145
78%
341 Saint-Martin (France) 549
71%
87 Turks and Caicos Islands (United Kingdom) 141
71%
739 Honduras 1,189
67%
339 Netherlands 546
57%
No matching quizzes found
Score Distribution
Percent of People with Each Score
Percentile by Number Answered
Your Score History
You have not taken this quiz